Statistics for The Big Bang Theory Trivia

Click here to take the quiz!

General Stats

  • This quiz has been taken 1,193 times
    (1,041 since last reset)
  • The average score is 12 of 21

Answer Stats

QuestionAnswer% Correct
University where the guys workCALTECH
93%
City where the show is setPasadena
82%
Owner of the comic book storeStuart
81%
The song sung by Sheldon and Penny when they are illSoft Kitty
79%
Amy's SurnameFarrah Fowler
71%
Howard's surnameWolowitz
69%
Actor who plays PennyKaley Cuoco
68%
Sheldon's sisters nameMissy
66%
Raj's favourite drinkGrasshopper
64%
What does Bernadette studyMicro-biology
63%
Leonard's mothers nameBeverly
60%
Leonard's home stateNew Jersey
60%
Sheldon's middle nameLee
58%
Country that Leonard attempted to take PennySwitzerland
54%
Amy's role at Howard and Bernadettes weddingMaid of Honour
52%
Name of the first episodePilot
44%
Sheldon's favourite comic book characterThe Flash
42%
Raj's girlfriend in season 6Lucy
39%
Show that Leonard loves and Sheldon hatesBabylon 5
31%
Penny's fathers nameWyatt
22%
Name of the lead writerChuck Lorre
0%

Score Distribution

Percentile by Number Answered

Percent of People with Each Score

Your Score History

You have not taken this quiz since the last reset